Songs Named After A City - Statistics

General Stats
  • This quiz has been taken 73 times
    30 since last reset
  • The average score is 14 of 35
Answer Stats
Hint Answer % Correct
Frank Sinatra 1980 New York, New York
96%
Warren Zevon 1978 Werewolves of London
85%
Panic! At The Disco 2018 Dying in LA
74%
The Chainsmokers 2017 Paris
74%
ZZ Top 1973 Jesus Just Left Chicago / La Grange
67%
Elvis Presley 1964 Viva Las Vegas
63%
Train 2009 Save Me San Francisco
56%
KISS 1977 Detroit Rock City
52%
Michael Jackson 1995 Stranger in Moscow
52%
Deep Purple 1973 Woman From Tokyo
52%
Glen Campbell 1967 By The Time I Get To Phoenix
48%
They Might Be Giants 1990 Istanbul (Not Constantinople)
48%
Bastille 2013 Pompeii
48%
N.W.A 1988 Straight Outta Compton
48%
Bruce Springsteen 1993 Streets of Philadelphia
48%
Johnny Horton 1959 Battle of New Orleans
41%
George Ezra 2014 Budapest
41%
Prince 2003 Wall Of Berlin
41%
Murray Head 2001 One Night In Bangkok
37%
ABBA 1974 Waterloo
37%
George Ezra 2015 Barcelona
33%
Thin Lizzy 1990 Dublin
33%
Robin Gibb 2014 Sydney
33%
Madness 1979 Night Boat To Cairo
30%
Glen Campbell 1968 Wichita Lineman
26%
Coldplay 2002 Amsterdam
22%
One Direction 2014 Stockholm Syndrome
22%
America 1972 Ventura Highway
22%
Glen Campbell 1969 Galveston
19%
The Walkmen 2010 Lisbon
19%
Billy Joel 1977 Vienna
19%
Bruce Springsteen 1982 Atlantic City
15%
Boney M. 1978 Rivers of Babylon
15%
Eminem 2009 Bagpipes From Baghdad
11%
Dolly Parton 1970 Down From Dover
7%
No matching quizzes found
Score Distribution
Percent of People with Each Score
Percentile by Number Answered
Your Score History
You have not taken this quiz since the last reset